000 00513nam a2200193Ia 4500
005 20250508150427.0
008 008 250505s9999 xx 000 0 eng d
037 _aTextual
040 _aFEDL
_beng
_cFEDL
041 _aeng
_2eng
084 _a025.4, BRA
_qFEDL
100 _aBradford S C
245 0 _aDocumentation
260 _aLondon, UK
_bCrosby Lock Wood and Son Ltd.
_c1948
300 _a156p.
650 _aLibrary Science
942 _cTEXL
_h025.4, BRA
999 _c1323583
_d1323583